[Event "11. Online Aktivschach WM"]
[Site "Schachcomputer.info"]
[Date "2015.03.08"]
[Round "7.12"]
[White "Atlanta 36 MHz, Mephisto"]
[Black "Citrine 30 MHz, Novag"]
[Result "1-0"]
[WhiteElo "2310"]
[BlackElo "2100"]
[PlyCount "53"]

1. d4 d5 2. c4 dxc4 3. Nf3 Nf6 4. e3 Bg4 5. Bxc4 e6 6. Nbd2 {Buchende Citrine}
Bd6 7. e4 Nfd7 {Buchende Atlanta} 8. h3 Bxf3 9. Nxf3 O-O 10. O-O Kh8 11. Ng5
Qe7 12. e5 Bb4 13. Qc2 g6 14. Qe4 Nc6 15. a3 Ba5 16. Qh4 h5 17. Bb5 Rad8 18.
Bxc6 bxc6 19. g4 Kg7 20. gxh5 gxh5 21. Kh2 c5 22. Rg1 {Atlanta kündigt Matt in
6 an} f5 23. Nf7+ Qg5 24. Rxg5+ Kxf7 25. Qxh5+ Ke7 26. Rg7+ Rf7 27. Qxf7# 1-0

[Event "11. Online Aktivschach WM"]
[Site "Schachcomputer.info"]
[Date "2015.03.13"]
[Round "8.1"]
[White "Resurrection Ruffian"]
[Black "Revelation II Lyon"]
[Result "1-0"]
[WhiteElo "2377"]
[BlackElo "2295"]
[PlyCount "143"]

1. e4 d6 2. d4 Nf6 3. Nc3 g6 4. f4 Bg7 5. Nf3 c5 6. Bb5+ Bd7 7. e5 Ng4 8. e6
Bxb5 9. exf7+ Kd7 10. Nxb5 Qa5+ 11. Nc3 cxd4 12. Nxd4 h5 13. h3 Nc6 14. Nde2
Nh6 15. Be3 {*} Nf5 {*} 16. Bf2 Ke6 17. Qd3 Kxf7 18. O-O-O h4 19. Qc4+ e6 20.
Ne4 d5 21. Ng5+ Ke7 22. Qb3 Nd8 23. Rhe1 Rc8 24. Kb1 Rc4 25. Qd3 a6 26. Rd2 Bf6
27. Nf3 Kf7 28. Ned4 Nxd4 29. Nxd4 Qc7 30. Rde2 Re8 31. f5 gxf5 32. Nxf5 Rh8
33. Nd4 Rb4 34. c3 Rb6 35. Qf3 Rh6 36. Nb3 Rb5 37. Be3 Rg6 38. Nd4 Qxc3 39.
Nxb5 Qd3+ 40. Rc2 Qxb5 41. Bd4 Nc6 42. Bxf6 Rxf6 43. Qh5+ Kg7 44. Qg5+ Kf7 45.
Qxh4 Qd3 46. Kc1 e5 47. Rd1 Qg6 48. Rxd5 Rf1+ 49. Rd1 Rxd1+ 50. Kxd1 Qd3+ 51.
Rd2 Qb1+ 52. Ke2 Nd4+ 53. Kf2 Qg6 54. Qd8 Qe4 55. Qg5 Ke6 56. Qe3 Qf5+ 57. Kg1
Qb1+ 58. Kh2 Kd5 59. Qb3+ Kc6 60. Qc4+ Kd6 61. Rf2 Qg6 62. Rf7 b5 63. Qb4+ Kd5
64. Rd7+ Kc6 65. Qe7 Qh6 66. Rc7+ Kb6 67. Qc5+ Ka5 68. Qxe5 Nc6 69. Qe1+ Kb6
70. Rd7 Qf4+ 71. Qg3 Qxg3+ 72. Kxg3 1-0

[Event "11. Online Aktivschach WM"]
[Site "Schachcomputer.info"]
[Date "2015.03.25"]
[Round "8.2"]
[White "Star Diamond, Novag"]
[Black "R30 V2.23, Tasc"]
[Result "0-1"]
[WhiteElo "2180"]
[BlackElo "2369"]
[PlyCount "77"]

1. d4 Nf6 2. c4 e5 3. dxe5 Ne4 4. Nf3 Bb4+ 5. Bd2 Bc5 6. e3 Nc6 7. Nc3 Nxd2 8.
Qxd2 O-O 9. Nd5 a5 10. Be2 Re8 11. Qc3 d6 12. exd6 Qxd6 13. O-O-O Bf5 14. Nf4
Nb4 15. Qa3 Qb6 16. Rd2 Nd3+ 17. Qxd3 Bxd3 18. Rxd3 Qf6 19. Nd5 Qc6 20. Rhd1
Rad8 21. R3d2 a4 22. Bd3 Bd6 23. a3 Bxa3 24. Nd4 Qc5 25. Nc2 Rxd5 26. cxd5 Bb4
27. Re2 a3 28. Kb1 a2+ 29. Kxa2 Qxd5+ 30. b3 Ra8+ 31. Kb2 Qe5+ 32. Kb1 Bc3 33.
Bc4 Qxh2 34. f3 c6 35. e4 b5 36. Re3 Bf6 37. Be2 Qe5 38. Nd4 c5 39. Red3 0-1

[Event "11. Online Aktivschach WM"]
[Site "Schachcomputer.info"]
[Date "2015.03.16"]
[Round "8.3"]
[White "Elite V11, Fidelity"]
[Black "R30 Gideon, Tasc"]
[Result "1/2-1/2"]
[WhiteElo "2331"]
[BlackElo "2313"]
[PlyCount "101"]

1. d4 c6 2. e4 d5 3. Nc3 dxe4 4. Nxe4 Bf5 5. Ng3 Bg6 6. N1e2 e6 7. Nf4 Bd6 8.
Nxg6 hxg6 9. Ne4 Be7 10. g3 Nf6 {Buchende} 11. Bg2 {Buchende} Nbd7 12. c3 Nxe4
13. Bxe4 Nf6 14. Bg2 Qb6 15. Qb3 Qa6 16. Bg5 O-O-O 17. O-O-O c5 18. dxc5 Rxd1+
19. Qxd1 Qxa2 20. Qf3 Qa1+ 21. Kc2 Qa4+ 22. Kb1 Ne4 23. Qxe4 Qxe4+ 24. Bxe4
Bxg5 25. c6 bxc6 26. Bxc6 Kc7 27. Bg2 Rd8 28. f4 Bh6 29. Be4 g5 30. f5 exf5 31.
Bxf5 Rd2 32. Re1 Kd6 33. h3 g6 34. Bc2 Rh2 35. Bb3 Rxh3 36. Bxf7 Rxg3 37. Re6+
Kc7 38. Re7+ Kb6 39. Bxg6 Bf8 40. Re6+ Kc7 41. Rf6 Be7 42. Rf7 Kd6 43. Rf5 g4
44. Ra5 Re3 45. Ra6+ Kd5 46. Rxa7 g3 47. Rd7+ Bd6 48. Rg7 Re7 49. Rxe7 Bxe7 50.
Bh5 Ke4 51. Be8 1/2-1/2

[Event "11. Online Aktivschach WM"]
[Site "Schachcomputer.info"]
[Date "2015.03.22"]
[Round "8.4"]
[White "Revelation Deep Sjeng 1.8"]
[Black "Revelation II Vancouver"]
[Result "0-1"]
[WhiteElo "2321"]
[BlackElo "2332"]
[PlyCount "88"]

1. e4 c6 2. d4 d5 3. Nd2 dxe4 4. Nxe4 Bf5 5. Ng3 Bg6 6. h4 h6 7. Nf3 Nd7 8. Bd3
Bxd3 9. Qxd3 Qc7 10. Bd2 e6 11. O-O-O Ngf6 12. Kb1 Bd6 13. Ne4 Nxe4 14. Qxe4
O-O 15. h5 Rfc8 16. Qd3 Nf6 17. Qc4 a5 18. Qd3 c5 19. g3 a4 20. dxc5 Bxc5 21.
Bf4 Qb6 22. Ne5 Bxf2 23. Nc4 Qb4 24. Nd6 Rc6 25. Qd2 Qb6 26. Rh2 Ng4 27. Rh4
Ne3 28. Bxe3 Bxe3 29. Qe1 a3 30. b4 Rd8 31. Nxb7 Rxd1+ 32. Qxd1 Bg5 33. Rd4
Qxb7 34. Rd8+ Bxd8 35. Qxd8+ Kh7 36. Qd3+ g6 37. hxg6+ fxg6 38. Qxa3 Rc4 39. c3
Re4 40. Qc1 Re2 41. Qd1 Qe4+ 42. Kc1 g5 43. a4 Ra2 44. g4 Ra1+ 0-1

[Event "11. Online Aktivschach WM"]
[Site "Schachcomputer.info"]
[Date "2015.03.22"]
[Round "8.5"]
[White "Magellan, Mephisto"]
[Black "Risc 1MB, Mephisto"]
[Result "0-1"]
[WhiteElo "2236"]
[BlackElo "2259"]
[PlyCount "112"]

1. d4 c6 2. e4 d5 3. Nc3 dxe4 4. Nxe4 Bf5 5. Ng3 Bg6 6. Bc4 e6 7. Nf3 b5 {
beide Geräte Buchende} 8. Bb3 c5 9. c3 c4 10. Bc2 Nd7 11. Bf4 Ngf6 12. Bxg6
hxg6 13. Qe2 Nd5 14. Bg5 Qb6 15. Ne4 f6 16. Bd2 g5 17. O-O-O g4 18. Ne1 f5 19.
Ng5 Rh6 20. Nc2 Qd6 21. Rde1 Nf4 22. Bxf4 Qxf4+ 23. Qd2 Qxd2+ 24. Kxd2 e5 25.
dxe5 Nc5 26. Nd4 Be7 27. f4 gxf3 28. Ngxf3 Rd8 29. Kc2 Nd3 30. Re2 Rg6 31. Nxf5
Nf4 32. Nxe7 Kxe7 33. Nh4 Rg5 34. Rf2 Nd3 35. Rd2 Nxe5 36. Re2 Kd7 37. Nf3 Nxf3
38. gxf3 Kc6 39. h4 Rg3 40. Re7 Rg2+ 41. Kc1 Rdd2 42. Rg1 Rc2+ 43. Kd1 Rgd2+
44. Ke1 Rh2 45. Kf1 Rcf2+ 46. Ke1 Rxb2 47. Kf1 Rxa2 48. f4 Kd6 49. Re3 g5 50.
hxg5 Rhf2+ 51. Ke1 Rfb2 52. Kf1 Ra1+ 53. Re1 Rxe1+ 54. Kxe1 Rb1+ 55. Kf2 Rxg1
56. Kxg1 b4 0-1

[Event "11. Online Aktivschach WM"]
[Site "Schachcomputer.info"]
[Date "2015.03.15"]
[Round "8.6"]
[White "CM 32 MHz Gideon 3.1, Tasc"]
[Black "R30 V2.2, Tasc"]
[Result "1/2-1/2"]
[WhiteElo "2377"]
[BlackElo "2369"]
[PlyCount "156"]

1. d4 Nf6 2. Nf3 d5 3. c4 dxc4 4. e3 e6 5. Bxc4 c5 6. O-O a6 7. b3 Nc6 8. Bb2
cxd4 9. Nxd4 Bd7 10. Nd2 Nxd4 11. Bxd4 Be7 12. Be2 Bc6 13. Nc4 {Buchende R30}
b5 {Buchende CM} 14. Ne5 Bb7 15. Bf3 Nd5 16. Rc1 Ba3 17. Rc2 f6 18. Nd3 O-O 19.
Bc5 Bxc5 20. Nxc5 Qe7 21. Nxb7 Qxb7 22. Bxd5 Qxd5 23. Qxd5 exd5 24. Rc5 Rfd8
25. Rd1 Rac8 26. Rdxd5 Rxc5 27. Rxd8+ Kf7 28. g3 Rc2 29. a4 Rc3 30. axb5 axb5
31. b4 Rb3 32. Rd7+ Kg6 33. Rd4 Rb1+ 34. Kg2 h5 35. f4 f5 36. Rd6+ Kh7 37. Rd5
Rxb4 38. Rxf5 Rb2+ 39. Kf3 Kh6 40. e4 g6 41. Rd5 b4 42. Rb5 b3 43. e5 h4 44.
gxh4 Rxh2 45. Kg3 Rb2 46. Rb7 Rb1 47. Kf2 Rb2+ 48. Ke3 Rb1 49. Ke2 Rb2+ 50. Kd3
Rb1 51. Rb4 Kg7 52. Kc4 b2 53. Kc3 Rh1 54. Rxb2 Rxh4 55. Rb4 Rg4 56. Kd3 Kf7
57. Ke3 Rg3+ 58. Kd4 Rg1 59. Rb6 Rd1+ 60. Kc4 Rc1+ 61. Kd3 Rg1 62. Ra6 Ke7 63.
Ke3 Rg4 64. Ra1 Ke6 65. Ra7 Rg3+ 66. Ke4 Rg1 67. Ra6+ Ke7 68. Rb6 Re1+ 69. Kd4
Rd1+ 70. Ke3 Rg1 71. Rf6 Rg3+ 72. Kd4 Rg1 73. Ra6 Rd1+ 74. Ke3 Rg1 75. Rd6 Rg4
76. Kf3 Rg1 77. Rc6 Rf1+ 78. Ke3 Kf7 {R.} 1/2-1/2

[Event "11. Online Aktivschach WM"]
[Site "Schachcomputer.info"]
[Date "2015.03.12"]
[Round "8.7"]
[White "CM 14 MHz King 2.54, Tasc"]
[Black "Genius 68030, Mephisto"]
[Result "1-0"]
[WhiteElo "2340"]
[BlackElo "2340"]
[PlyCount "121"]

1. e4 d6 2. d4 Nf6 3. Nc3 g6 4. f4 Bg7 5. Nf3 c5 6. Bb5+ Bd7 7. e5 Ng4 8. e6
Bxb5 9. exf7+ Kd7 10. Nxb5 Qa5+ 11. Nc3 cxd4 12. Nxd4 h5 13. h3 Nc6 14. Nde2
Nh6 15. Be3 Nf5 16. Bf2 Ke6 {Out of Book} 17. f8=N+ {Out of Book} Rhxf8 18. g4
Nh6 19. Qd3 Kf7 20. O-O-O hxg4 21. Qc4+ Ke8 22. Qe6 Rf6 23. Qb3 Rb8 24. Nd4 Nd8
25. Nd5 Rf7 26. Nb5 Kf8 27. Bxa7 Ra8 28. Bb6 Qxa2 29. Qxa2 Rxa2 30. Bxd8 Ra1+
31. Kd2 Rxd1+ 32. Kxd1 g3 33. Re1 Nf5 34. Nxe7 Rxe7 35. Bxe7+ Nxe7 36. c3 Nf5
37. Nc7 Kf7 38. Ke2 Nh4 39. Kf1 Bf6 40. Nd5 g2+ 41. Kf2 Bd8 42. Re4 b5 43. Rb4
Ke8 44. Rxb5 Kd7 45. Rb8 Kc6 46. Rxd8 Kxd5 47. b4 Kc6 48. Rh8 Nf5 49. Kxg2 Kb5
50. Kf3 Ne7 51. Rd8 Kc6 52. Ke4 Nf5 53. c4 Ng3+ 54. Kd3 Nf5 55. Rg8 Nh4 56. b5+
Kc7 57. Ke4 Kb6 58. Rb8+ Kc7 59. Rf8 Kb6 60. Kd5 Kc7 61. Rf7+ {schwarz gibt auf
} 1-0

[Event "11. Online Aktivschach WM"]
[Site "Schachcomputer.info"]
[Date "2015.03.19"]
[Round "8.8"]
[White "Atlanta 36 MHz, Mephisto"]
[Black "CM 32 MHz Rebell 1.7, Tasc"]
[Result "1-0"]
[WhiteElo "2310"]
[BlackElo "2200"]
[PlyCount "104"]

1. e4 e5 2. Nf3 Nc6 3. Bc4 Nf6 4. d4 exd4 5. O-O Nxe4 6. Re1 d5 7. Bxd5 Qxd5 8.
Nc3 Qh5 9. Nxe4 Be6 10. Bg5 {Buchende CM} h6 11. Bf6 Qg6 {Buchende Atlanta} 12.
Nh4 Qh7 13. Qh5 Bb4 14. c3 dxc3 15. bxc3 Ba5 16. Nf5 Qxf5 17. Nd6+ cxd6 18.
Qxf5 gxf6 19. Rxe6+ fxe6 20. Qxe6+ Ne7 21. Re1 Bd8 22. Qxf6 Rh7 23. Qf5 Rg7 24.
Qb5+ Kf8 25. Qxb7 Rc8 26. Qd7 d5 27. h4 Rb8 28. h5 Rh7 29. Qd6 Rc8 30. Qf4+ Rf7
31. Qxh6+ Ke8 32. Re2 Rb8 33. Qc6+ Kf8 34. Qd6 Rc8 35. Qd7 Rb8 36. Qxa7 Nc6 37.
Qc5+ Ne7 38. Qd6 Rb1+ 39. Kh2 Ke8 40. f3 Rf1 41. h6 Rc1 42. Qc6+ Kf8 43. Qa8
Ke8 44. Qa4+ Kf8 45. Rxe7 Kxe7 46. Qa3+ Ke8 47. Qxc1 Bc7+ 48. Kh3 Bf4 49. Qe1+
Kd7 50. Qb1 Be5 51. a4 Re7 52. a5 Re6 1-0

[Event "11. Online Aktivschach WM"]
[Site "Schachcomputer.info"]
[Date "2015.03.18"]
[Round "8.9"]
[White "Risc 2500, Saitek"]
[Black "Milano Pro, Mephisto"]
[Result "1-0"]
[WhiteElo "2241"]
[BlackElo "2160"]
[PlyCount "68"]

1. d4 d5 2. c4 e6 3. Nc3 c5 4. cxd5 exd5 5. Nf3 Nc6 6. g3 Nf6 7. Bg2 Be7 8. O-O
Be6 9. dxc5 Bxc5 10. Bg5 O-O 11. e3 {Buchende} Rc8 {Buchende} 12. Rc1 Be7 13.
Nd4 Qb6 14. Na4 Qa6 15. Bxf6 Bxf6 16. Nxe6 fxe6 17. Nc5 Qxa2 18. Nxe6 d4 19.
Nxf8 Rxf8 20. Re1 Rd8 21. exd4 Nxd4 22. Rc7 Qa5 23. Qc1 b5 24. Bd5+ Kh8 25. Qe3
Rg8 26. Qe8 Nf3+ 27. Bxf3 Qxc7 28. Bd5 Qd8 29. Bxg8 Qxe8 30. Rxe8 g6 31. Bc4+
Kg7 32. Bxb5 h6 33. b4 g5 34. Bc4 Bc3 1-0

[Event "11. Online Aktivschach WM"]
[Site "Schachcomputer.info"]
[Date "2015.03.14"]
[Round "8.10"]
[White "London 68000, Mephisto"]
[Black "Centurion 40 MHz, Saitek"]
[Result "1-0"]
[WhiteElo "2166"]
[BlackElo "2200"]
[PlyCount "109"]

1. d4 Nf6 2. c4 e5 3. dxe5 Ng4 4. Nf3 Bc5 5. e3 Nc6 6. Be2 Ngxe5 7. O-O O-O 8.
Nxe5 Nxe5 9. b3 d6 10. Bb2 Bf5 11. Nc3 Re8 12. Qd2 a5 13. Rad1 b6 14. a3 Rb8
15. Na4 Bd7 16. Nxc5 bxc5 17. Qxa5 Rb6 18. f4 Ng4 19. Bxg4 Bxg4 20. Qc3 f6 21.
Rd5 Qb8 22. Rg5 Re6 23. Rxg4 Rxb3 24. Qd2 h5 25. Qd5 Rbxe3 26. Bc1 Re2 27. Rg6
Qe8 28. f5 R2e5 29. Qf3 Re7 30. Bb2 Re1 31. Bxf6 Rf7 32. Bxg7 Rxf1+ 33. Kxf1
Rxg7 34. Qg3 Rxg6 35. Qxg6+ Qxg6 36. fxg6 Kg7 37. a4 d5 38. cxd5 Kxg6 39. a5 c4
40. a6 c3 41. Ke2 c2 42. Kd2 c1=Q+ 43. Kxc1 Kf5 44. a7 Ke4 45. a8=Q Kd4 46. Qc6
Ke5 47. Qxc7+ Kxd5 48. Qf7+ Ke4 49. Qxh5 Kd4 50. Kd2 Kc4 51. Qe5 Kb4 52. Qd5
Ka3 53. Kc3 Ka4 54. g4 Ka3 55. Qa8# 1-0

[Event "11. Online Aktivschach WM"]
[Site "Schachcomputer.info"]
[Date "2015.03.25"]
[Round "8.11"]
[White "London 68030, Mephisto"]
[Black "Revelation Diablo"]
[Result "1/2-1/2"]
[WhiteElo "2343"]
[BlackElo "2059"]
[PlyCount "109"]

1. e4 e5 2. Nf3 Nc6 3. d4 exd4 4. c3 d5 5. exd5 Qxd5 6. cxd4 Bg4 7. Be2 O-O-O
8. Nc3 Qd7 9. O-O Bxf3 10. Bxf3 Nxd4 11. Bd5 Ne6 12. Qb3 c6 13. Bxe6 Qxe6 14.
Qxe6+ fxe6 15. Be3 b6 16. Rad1 Rxd1 17. Rxd1 Nf6 18. h3 Bb4 19. Rc1 Kd7 20.
Rd1+ Ke7 21. Ne2 Nd5 22. Bd4 Rg8 23. Rc1 Kd6 24. f3 c5 25. Bf2 a6 26. Bg3+ Kc6
27. Nd4+ Kd7 28. Nc2 Rd8 29. Rd1 b5 30. Be5 g6 31. Nxb4 cxb4 32. Rc1 Rc8 33.
Rxc8 Kxc8 34. Kf2 Kd7 35. Ke2 Kc6 36. Bg3 a5 37. Kd3 h6 38. h4 Ne7 39. Ke4 Nd5
40. Kd3 a4 41. Be5 Ne7 42. Bf6 Nd5 43. Be5 Nb6 44. b3 Nd7 45. Bf4 h5 46. Bd2
Nc5+ 47. Kc2 Na6 48. Kd3 Kd5 49. Be1 e5 50. Bd2 a3 51. Ke3 Kd6 52. Kd3 Ke7 53.
Ke3 Kd7 54. Kd3 Kd6 55. Ke3 1/2-1/2

[Event "11. Online Aktivschach WM"]
[Site "Schachcomputer.info"]
[Date "2015.03.16"]
[Round "8.12"]
[White "Citrine 30 MHz, Novag"]
[Black "Atlanta, Mephisto"]
[Result "1/2-1/2"]
[WhiteElo "2100"]
[BlackElo "2266"]
[PlyCount "85"]

1. e4 c5 2. Nf3 Nc6 3. d4 cxd4 4. Nxd4 Nf6 5. Nc3 e5 6. Ndb5 d6 7. Bg5 a6 8.
Bxf6 gxf6 9. Na3 d5 10. Nxd5 Bxa3 11. bxa3 Be6 12. Bc4 Qa5+ 13. Qd2 Qxd2+ 14.
Kxd2 O-O-O 15. Ke3 Rhg8 16. g3 f5 17. Rhd1 fxe4 18. Bb3 Bg4 19. Nb6+ Kc7 20.
Rxd8 Rxd8 21. Nd5+ Kd6 22. Nf6 Bf3 23. Nxe4+ Bxe4 24. Kxe4 Kc5 25. Bxf7 Rf8 26.
Bd5 Rxf2 27. Bxc6 bxc6 28. Rc1 Re2+ 29. Kf5 Kc4 30. h4 Re3 31. a4 Rxg3 32. Re1
Rg2 33. Re4+ Kc5 34. Rxe5+ Kd4 35. Re4+ Kc5 36. c3 Rxa2 37. Kf6 Rc2 38. Kg7 Kd5
39. Rd4+ Ke5 40. Rc4 Kd5 41. Rd4+ Ke5 42. Rc4 Kd5 43. Rd4+ {1/2-1/2
3-fache-Stellungswiederholung} 1/2-1/2

[Event "11. Online Aktivschach WM"]
[Site "Schachcomputer.info"]
[Date "2015.04.05"]
[Round "9.1"]
[White "Risc 1MB, Mephisto"]
[Black "Resurrection Ruffian"]
[Result "0-1"]
[WhiteElo "2259"]
[BlackElo "2377"]
[PlyCount "116"]

1. d4 Nf6 2. c4 e6 3. g3 d5 4. Bg2 dxc4 5. Nf3 Nbd7 6. Nbd2 Bb4 {Buchende
beider Geräte} 7. a3 Ba5 8. Qa4 c6 9. Qxc4 O-O 10. b4 Bc7 11. Bb2 Nb6 12. Qc2
a5 13. bxa5 Rxa5 14. O-O Ng4 15. e4 Na4 16. h3 Nxb2 17. Qxb2 Nf6 18. a4 Rh5 19.
g4 Ra5 20. g5 Nh5 21. Nc4 Ra8 22. Rfc1 f6 23. gxf6 Qxf6 24. Nce5 Nf4 25. Rc3
Qh6 26. Kh2 Qh5 27. Raa3 Bd6 28. Bf1 c5 29. Rxc5 Ng6 30. Bg2 Bxc5 31. dxc5 Nf4
32. Bf1 Qe8 33. a5 Qh5 34. Qd4 Qh6 35. Qd6 Nh5 36. c6 Qf4+ 37. Kg1 Qxe4 38. Bd3
Qf4 39. cxb7 Bxb7 40. Qxe6+ Kh8 41. Bf1 Bxf3 42. Nxf3 Qc1 43. Ra2 Nf4 44. Qe1
Qc8 45. Kh2 Qb8 46. Qe4 Nd5+ 47. Kg2 Nc3 48. Qc2 Nxa2 49. Qxa2 Qd6 50. Be2 Qg6+
51. Kh2 Qe4 52. Kg2 Rae8 53. Bd1 Qg6+ 54. Kf1 Qd3+ 55. Be2 Rxe2 56. Qxe2 Rxf3
57. h4 Qxe2+ 58. Kxe2 Rf4 {Aufgabe Risc 1MB} 0-1

[Event "11. Online Aktivschach WM"]
[Site "Schachcomputer.info"]
[Date "2015.04.08"]
[Round "9.2"]
[White "Revelation II Vancouver"]
[Black "R30 V2.23, Tasc"]
[Result "1-0"]
[WhiteElo "2332"]
[BlackElo "2369"]
[PlyCount "183"]

1. e4 e5 2. Nf3 f5 3. Nxe5 Nc6 4. Nxc6 dxc6 5. Nc3 Bc5 6. d3 Nf6 7. Be2 fxe4 8.
dxe4 Qe7 9. O-O O-O 10. Bf3 Qe5 11. g3 Bh3 12. Bf4 Qe7 13. Re1 Rad8 14. Qe2 b5
15. Rad1 Bd4 16. e5 Bxc3 17. bxc3 Nd5 18. Bxd5+ Rxd5 19. Rxd5 cxd5 20. Qxb5 Qe6
21. Bg5 c6 22. Qa4 Qf5 23. f4 Qd7 24. Qb4 Re8 25. Bh4 h6 26. Qc5 Qc7 27. Rb1 g5
28. fxg5 hxg5 29. Bxg5 Qxe5 30. Bf4 Qe2 31. Qf2 a5 32. Bc7 Bg4 33. Qxe2 Rxe2
34. Bxa5 Rxc2 35. a3 Bf3 36. Rb8+ Kg7 37. Rb6 c5 38. Rb5 d4 39. cxd4 cxd4 40.
Rb3 Be2 41. h3 Bc4 42. Rb8 Kf6 43. Rc8 d3 44. g4 Kg5 45. a4 Kf4 46. Bc7+ Ke4
47. Re8+ Kf3 48. Rf8+ Ke4 49. Rf4+ Ke3 50. Rf6 Bd5 51. Bf4+ Kd4 52. a5 d2 53.
Bxd2 Rxd2 54. Rf2 Rd3 55. Kh2 Ra3 56. h4 Rxa5 57. Kg3 Ra8 58. h5 Rh8 59. Kh4
Rh7 60. g5 Bf7 61. h6 Ke5 62. Rb2 Rh8 63. Kg4 Bg6 64. Rb5+ Ke4 65. Rb6 Be8 66.
Re6+ Kd5 67. Rxe8 Rxe8 68. g6 Re6 69. g7 Rxh6 70. g8=Q+ Kc6 71. Qc4+ Kd7 72.
Qa4+ Rc6 73. Kf5 Kc7 74. Ke5 Rc5+ 75. Ke6 Rc6+ 76. Kd5 Rd6+ 77. Kc5 Re6 78.
Qf4+ Kd7 79. Qf7+ Re7 80. Qd5+ Ke8 81. Qg8+ Kd7 82. Kd5 Kc7 83. Qg5 Rd7+ 84.
Kc5 Kb7 85. Qe5 Rc7+ 86. Kb5 Rd7 87. Qc5 Rd1 88. Qc6+ Kb8 89. Qe4 Rd7 90. Kc6
Rb7 91. Qe8+ Ka7 92. Qd8 1-0

[Event "11. Online Aktivschach WM"]
[Site "Schachcomputer.info"]
[Date "2015.04.02"]
[Round "9.3"]
[White "CM 32 MHz Gideon 3.1, Tasc"]
[Black "Elite V11, Fidelity"]
[Result "1/2-1/2"]
[WhiteElo "2377"]
[BlackElo "2331"]
[PlyCount "59"]

1. e4 c5 2. c3 d5 3. exd5 Qxd5 4. d4 e6 5. Nf3 Nf6 6. Na3 {Buchende} Qd8 {
Buchende} 7. Nc4 Nc6 8. Be3 cxd4 9. Nxd4 Nxd4 10. Bxd4 Be7 11. Bxf6 Bxf6 12.
Nd6+ Ke7 13. Ne4 Qb6 14. Qh5 Rd8 15. Rb1 g6 16. Qf3 e5 17. Bc4 Bf5 18. Nxf6
Kxf6 19. g4 Rac8 20. Bb3 Rd3 21. Qe2 Qc6 22. Rg1 Be4 23. g5+ Kg7 24. Bc2 Rcd8
25. Rc1 Rxc3 26. bxc3 Qxc3+ 27. Kf1 Qh3+ 28. Ke1 Qc3+ 29. Kf1 Qh3+ 30. Ke1
1/2-1/2

[Event "11. Online Aktivschach WM"]
[Site "Schachcomputer.info"]
[Date "2015.03.26"]
[Round "9.4"]
[White "R30 Gideon, Tasc"]
[Black "CM 14 MHz King 2.54, Tasc"]
[Result "1/2-1/2"]
[WhiteElo "2313"]
[BlackElo "2340"]
[PlyCount "204"]

1. Nf3 Nc6 2. d4 d5 3. c4 Bg4 4. Qa4 Bxf3 5. exf3 e6 6. Nc3 Bb4 7. cxd5 Qxd5 8.
Bb5 Bxc3+ 9. bxc3 Nge7 10. Ba3 a6 11. Bc5 Rd8 12. Bd3 Qg5 13. O-O Nd5 14. Be4
Rd7 15. Bxd5 Qxd5 16. c4 Qf5 17. Rab1 Nd8 18. Rfe1 f6 19. Re4 e5 20. dxe5 fxe5
21. Rbe1 Nc6 22. f4 Kd8 23. fxe5 Kc8 24. e6 Rd2 25. e7 Re8 26. Bd4 a5 27. f3 b5
28. cxb5 Nxd4 29. Rxd4 Qc5 30. Rd1 Rxd1+ 31. Qxd1 Rxe7 32. Kh1 Qxb5 33. Rd8+
Kb7 34. a3 Re3 35. h3 Rxa3 36. Qd4 Qb1+ $2 37. Kh2 Qc1 38. Qd5+ c6 39. Qd7+ Ka6
40. Ra8+ Kb5 41. Rb8+ Kc5 42. Qe7+ Kc4 43. Qe6+ Kc5 44. Qe5+ Kc4 45. Qe4+ Kc5
46. Qf5+ Kc4 47. Rb7 Qc3 48. Qe4+ Kc5 49. Qe7+ Kd5 50. Qf7+ Kc5 51. Qf8+ Kc4
52. Qd6 Qe3 53. Qxc6+ Qc5 54. Qe4+ Kc3 55. Qe1+ Kc4 56. Qe2+ Kc3 57. Qb2+ Kd3
58. Qb1+ Kd4 59. Rd7+ Kc4 60. Qf1+ Kb3 61. Rb7+ Qb4 62. Rxb4+ axb4 63. Qd3+ Ka2
64. Qd2+ Kb3 65. Qd5+ Kc3 66. Qe5+ Kc2 67. Qxg7 Rd3 68. Qc7+ Kd2 69. Qa5 Kc3
70. Kg3 Rd2 71. Qc5+ Kb3 72. Qf5 Kc3 73. Qxh7 b3 74. Qb1 b2 75. h4 Rc2 76. Qe1+
Kb3 77. h5 Rc1 78. Qe3+ Rc3 79. Qe4 Rc1 80. Qd5+ Kc3 81. Qe5+ Kc2 82. Qc7+ Kd3
83. Qd6+ Kc2 84. Qc5+ Kb3 85. Qb5+ Kc3 86. Qa5+ Kc2 87. Qf5+ Kd2 88. Qf4+ Kc3
89. Qf6+ Kc2 90. Qc6+ Kd2 91. Qd7+ Kc3 92. Qg7+ Kc2 93. Qh7+ Kd2 94. Qh6+ Kc2
95. Qg6+ Kc3 96. Qg7+ Kc2 97. Qc7+ Kd3 98. Qd8+ Kc3 99. Qh8+ Kc2 100. Qc8+ Kd2
101. Qd7+ Kc3 102. Qc7+ Kd3 1/2-1/2

[Event "11. Online Aktivschach WM"]
[Site "Schachcomputer.info"]
[Date "2015.04.13"]
[Round "9.5"]
[White "Risc 2500, Saitek"]
[Black "Star Diamond, Novag"]
[Result "1/2-1/2"]
[WhiteElo "2241"]
[BlackElo "2180"]
[PlyCount "155"]

1. d4 d5 2. c4 dxc4 3. Nf3 Nf6 4. e3 Bg4 5. Bxc4 e6 6. h3 Bh5 7. Nc3 Nbd7 8.
O-O Bd6 9. e4 e5 10. Be2 O-O 11. dxe5 Nxe5 12. Nd4 Bxe2 13. Qxe2 Bc5 14. Nb3
Bb4 15. Bg5 Bxc3 16. bxc3 Qe7 17. f4 Ng6 18. e5 h6 19. Bxf6 gxf6 20. Rae1 Rfd8
21. exf6 Qxf6 22. f5 Nf8 23. Qg4+ Kh7 24. Qe4 c6 25. Qe7 Nd7 26. Re6 Qxe7 27.
Rxe7 Kg7 28. Rd1 Nf6 29. Rxd8 Rxd8 30. Rxb7 Ne4 31. c4 h5 32. Re7 Nd6 33. c5
Nxf5 34. Rxa7 Rd1+ 35. Kf2 Rb1 36. g4 hxg4 37. hxg4 Nh6 38. Kf3 Rf1+ 39. Ke2
Rb1 40. g5 Nf5 41. Nd2 Rb5 42. Ne4 Rb2+ 43. Kd3 Rb4 44. Nf6 Kg6 45. Ra6 Kxg5
46. Rxc6 Ra4 47. Ne4+ Kf4 48. Nc3 Rd4+ 49. Kc2 Rd8 50. Rf6 Rc8 51. Rxf7 Rxc5
52. Rf8 Re5 53. Ra8 Nd4+ 54. Kd3 Nc6 55. a4 Rc5 56. Nb5 Rc1 57. Nc3 Nb4+ 58.
Kd4 Kf5 59. Rc8 Ke6 60. Rc4 Nc2+ 61. Kd3 Na3 62. Rc6+ Kd7 63. Ra6 Rh1 64. Kd4
Rh4+ 65. Ne4 Nc2+ 66. Kc3 Ne3 67. Kd3 Ng4 68. Nc5+ Kc7 69. Kc4 Ne3+ 70. Kb5 Nd5
71. Rc6+ Kb8 72. Na6+ Kb7 73. a5 Ka7 74. Nc7 Rh5 75. Nxd5 Rxd5+ 76. Kb4 Rd4+
77. Kc5 Re4 78. Rd6 1/2-1/2

[Event "11. Online Aktivschach WM"]
[Site "Schachcomputer.info"]
[Date "2015.03.30"]
[Round "9.6"]
[White "R30 V2.2, Tasc"]
[Black "Atlanta 36 MHz, Mephisto"]
[Result "1-0"]
[WhiteElo "2369"]
[BlackElo "2310"]
[PlyCount "95"]

1. e4 e5 2. Nc3 Nf6 3. Bc4 Nc6 4. d3 Bb4 5. Nge2 d6 6. a3 {Buchende Atlanta}
Bxc3+ 7. Nxc3 O-O 8. O-O Nd4 9. Bg5 c6 10. Qd2 b5 11. Ba2 Re8 12. f4 Qb6 13.
Kh1 Nd7 14. fxe5 Nxe5 15. a4 b4 16. Be3 bxc3 17. bxc3 Ndf3 18. gxf3 Qa5 19. f4
Ng4 20. Bd4 c5 21. Bg1 Rb8 22. h3 Nf6 23. f5 Ba6 24. Bh2 Nxe4 25. dxe4 Bxf1 26.
Rxf1 Rb6 27. Bxd6 Rxd6 28. Qxd6 Qxc3 29. Qd3 Qb4 30. f6 Qxe4+ 31. Qxe4 Rxe4 32.
Rg1 g6 33. Rd1 Rd4 34. Re1 Kf8 35. Re7 Rxa4 36. Rb7 Re4 37. Rxa7 Ke8 38. Bxf7+
Kf8 39. Bd5 Re1+ 40. Kg2 Re2+ 41. Kg3 Re5 42. c4 h6 43. Rg7 Ke8 44. Rg8+ Kd7
45. f7 Rg5+ 46. Kh2 Rf5 47. f8=Q Rxf8 48. Rxf8 1-0

[Event "11. Online Aktivschach WM"]
[Site "Schachcomputer.info"]
[Date "2015.04.13"]
[Round "9.7"]
[White "Revelation II Lyon"]
[Black "Revelation Deep Sjeng 1.8"]
[Result "1/2-1/2"]
[WhiteElo "2295"]
[BlackElo "2321"]
[PlyCount "34"]

1. e4 c5 2. Nf3 d6 3. d4 cxd4 4. Nxd4 Nf6 5. Nc3 a6 6. Be2 e5 7. Nb3 Be7 8. O-O
O-O 9. a4 Be6 10. f4 exf4 {*} 11. Bxf4 Nc6 {*} 12. Be3 Re8 13. Nd5 Rc8 14. Nb6
Rc7 15. Nd5 Rc8 16. Nb6 Rc7 17. Nd5 Rc8 1/2-1/2

[Event "11. Online Aktivschach WM"]
[Site "Schachcomputer.info"]
[Date "2015.03.27"]
[Round "9.8"]
[White "Centurion 40 MHz, Saitek"]
[Black "Magellan, Mephisto"]
[Result "0-1"]
[WhiteElo "2200"]
[BlackElo "2236"]
[PlyCount "140"]

1. d4 e5 {Buchende weiss} 2. dxe5 Nc6 3. Nf3 f6 4. Bf4 {Buchende schwarz} g5 5.
Bg3 g4 6. Nd4 Nxe5 7. e3 d5 8. c4 dxc4 9. Bxc4 Nxc4 10. Qa4+ c6 11. Qxc4 Ne7
12. Nc3 Bd7 13. O-O-O Qc8 14. Rd3 Nd5 15. a3 h5 16. Ne4 h4 17. Nd6+ Bxd6 18.
Bxd6 Bf5 19. Nxf5 Qxf5 20. Rhd1 Rh7 21. g3 hxg3 22. hxg3 Qe6 23. Qa4 Nb6 24.
Qa5 Nc4 25. Qb4 Rd8 26. Qb3 Rhd7 27. Bc5 Rxd3 28. Rxd3 Rxd3 29. Qxd3 b6 30.
Qg6+ Qf7 31. Qe4+ Ne5 32. Bb4 Qd5 33. Qxd5 cxd5 34. Kd2 Nc4+ 35. Kc2 Kd7 36.
Kc3 a5 37. Bf8 Ke8 38. Bh6 b5 39. a4 b4+ 40. Kc2 Nd6 41. Kd3 Kd7 42. Ke2 Ne4
43. Bf8 Ke8 44. Bg7 Ke7 45. Bh6 Nc5 46. Kd1 Nxa4 47. Kc2 Nc5 48. b3 Ne4 49. Bf4
Kd7 50. Bh6 Nxf2 51. Bf4 Kc6 52. Kd2 Kb5 53. Bc7 a4 54. Kc2 a3 55. Bd8 Ne4 56.
Bc7 Nc3 57. Kc1 Kc5 58. Bb8 d4 59. Ba7+ Kd5 60. Bxd4 Ne2+ 61. Kc2 Nxd4+ 62. Kb1
Ne2 63. e4+ Kxe4 64. Ka1 Nxg3 65. Kb1 Kd3 66. Ka2 Ne4 67. Kb1 g3 68. Ka2 g2 69.
Ka1 g1=Q+ 70. Ka2 Nc3# 0-1